| 000 | 02186cam a22005054a 4500 | ||
|---|---|---|---|
| 001 | muse84913 | ||
| 003 | MdBmJHUP | ||
| 005 | 20210127151643.0 | ||
| 006 | m o d | ||
| 007 | cr||||||||nn|n | ||
| 008 | 100802s1993 mx o 00 0 spa d | ||
| 020 | _a9786076287774 | ||
| 020 | _z9789681205430 | ||
| 020 | _z968120543X | ||
| 035 | _a(OCoLC)652276896 | ||
| 040 |
_aMdBmJHUP _cMdBmJHUP |
||
| 100 | 1 | _aMiño Grijalva, Manuel. | |
| 245 | 1 | 3 |
_aLa manufactura colonial _bla constitución técnica del obraje / _cManuel Miño Grijalva. |
| 250 | _a1. ed. | ||
| 264 | 1 | _bEl Colegio de Mexico, Centro de Estudios Históricos, | |
| 264 | 3 | _bProject MUSE, | |
| 300 |
_a1 online resource (1 ressource en ligne 204 pages) : _billustrations. |
||
| 490 | 0 |
_aJornadas ; _v123 |
|
| 500 | _aNotice chargee pour fin de reperage. | ||
| 506 | 0 |
_aOpen Access _fUnrestricted online access _2star |
|
| 520 | 1 |
_a"Study of the technical aspects of textile production in Quito and New Spain. Considers machinery, wool and cotton production, and changes in the production process at the end of the colonial period. Based on archival sources"--Handbook of Latin American Studies, v. 58. _uhttp://www.loc.gov/hlas |
|
| 588 | _aDescription based on print version record. | ||
| 650 | 0 |
_aIndustrie manufacturiere _zPerou _xHistoire. |
|
| 650 | 0 |
_aIndustrie manufacturiere _zNouvelle-Espagne _xHistoire. |
|
| 650 | 0 |
_aTextiles et tissus _xIndustrie et commerce _zPerou _xHistoire. |
|
| 650 | 0 |
_aTextiles et tissus _xIndustrie et commerce _zNouvelle-Espagne _xHistoire. |
|
| 651 | 0 |
_aPeru. _2fast _0(OCoLC)fst01205190 |
|
| 651 | 0 |
_aNew Spain. _2fast _0(OCoLC)fst01203034 |
|
| 655 | 0 |
_aElectronic books. _2lcgft |
|
| 655 | 0 |
_aHistory. _2fast _0(OCoLC)fst01411628 |
|
| 655 | 0 | _aElectronic books. | |
| 655 | 7 |
_aElectronic books. _2local |
|
| 710 | 2 |
_aProject Muse. _edistributor |
|
| 830 | 0 | _aBook collections on Project MUSE. | |
| 856 | 4 | 0 |
_zFull text available: _uhttps://muse.jhu.edu/book/74749/ |
| 999 |
_c26554 _d26554 |
||